| 000 | 02081cam a22005534i 4500 | ||
|---|---|---|---|
| 003 | PE-LiUPU | ||
| 005 | 20250731165504.0 | ||
| 008 | 150623s r 000 0 d | ||
| 020 | _a1841270261 | ||
| 035 | _a(Sirsi) i9781841270265 | ||
| 040 |
_aPE-LiUPU _bspa _cPE-LiUPU _erda |
||
| 049 | _aPRUA | ||
| 082 | 0 | 4 |
_a221.07 _bBS _221 |
| 100 | 1 |
_aGottwald, Norman K., _d1926-, _eautor. |
|
| 245 | 1 | 4 |
_aThe tribes of Yahweh : _ba sociology of the religion of liberated Israel, 1250-1050 BCE. _n66 / _cNorman K. Gottwald. |
| 264 | 1 |
_aSheffield, Great Britain : _bSheffield Academic Press, _c1999. |
|
| 300 |
_a916 páginas ; _c23 centímetros |
||
| 336 |
_atext _2rdacontent |
||
| 337 |
_aunmediated _2rdamedia |
||
| 338 |
_avolume _2rdacarrier |
||
| 490 | 0 |
_aThe Biblical Seminar ; _v66 |
|
| 504 | _aIncluye bibliografía. | ||
| 505 | 0 | _aLiterary historical foundations synchronic social structure (parts I-VII). -Diachronic comparative social structure sociology of religion vs. biblical theology (parts VIII-XI). | |
| 526 | _aSEG44 | ||
| 526 | _aSEG26 | ||
| 526 | _aP151 | ||
| 526 | _aP150 | ||
| 526 | _aP149 | ||
| 526 | _aP146 | ||
| 526 | _aP145 | ||
| 526 | _aP126 | ||
| 526 | _aP125 | ||
| 526 | _aP92 | ||
| 526 | _aP75 | ||
| 526 | _aP74 | ||
| 526 | _aP27 | ||
| 526 | _aP15 | ||
| 630 |
_aBiblia. _pA.T. _xCrítica científica social. |
||
| 650 | 0 | 4 | _aCrítica marxista. |
| 650 | 0 | 4 | _aDoce tribus de Israel. |
| 650 | 0 | 4 |
_aJudios _xHistoria _y1200-953 aC. |
| 650 | 0 | 4 | _aSociología en la Biblia. |
| 942 |
_2ddc _cBOOK |
||
| 949 |
_aRC 221.07 BS 66 _wDEWEY _c1 _i46887 _lCCODEBUL1 _mBUL _r0 _sY _tBOOK _u2015-6-24 _xTEOLOGIA _PP35 _0COMPRA _o.CIRCNOTE. No olvidar cambiar la fecha de devolución!!!!!!! _o.STAFF. Colección General |
||
| 994 |
_aC0 _bPEPRU |
||
| 596 | _a1 | ||
| 999 |
_aRC 221.07 BS 66 _wDEWEY _c23489 _i46887 _f2021-11-8 _g6 _lCCODEBUL1 _mBUL _r1 _sY _tBOOK _u2015-6-24 _xTEOLOGIA _PP35 _0COMPRA _o.CIRCNOTE. No olvidar cambiar la fecha de devolución!!!!!!! _o.STAFF. Colección General _d23489 |
||
| 980 |
_81 _gALBERTO SANCHEZ Responsable de Automatización |
||